Partnerships, participation and patronage: realities of urban poverty alleviation in bangalore slums /
Shranjeno v:
| Glavni avtor: | |
|---|---|
| Format: | Texto |
| Izdano: |
Netherlands:
Institute of Social Studies
|
| Oznake: |
Označite
Brez oznak, prvi označite!
|
MARC
| LEADER | 00000 a a2200000 04500 | ||
|---|---|---|---|
| 001 | 47020 | ||
| 003 | |||
| 040 | |||
| 100 | |a Wit, Joop W. de | ||
| 245 | |a Partnerships, participation and patronage: |b realities of urban poverty alleviation in bangalore slums / |c Joop W. de Wit | ||
| 260 | |a Netherlands: |b Institute of Social Studies | ||
| 773 | |g número350, (2001), 30 páginas | ||
| 999 | |c 24635 |d 24635 | ||
